Ílovité zeminy a ich použitie v stavebníctve

Saved in:
Bibliographic Details
Format: Book
Language:Slovak
Published: Bratislava : SAV, 1968
Edition:1.vyd.
Tags: Add Tag
No Tags, Be the first to tag this record!

MARC

LEADER 00000nam a22000003a 4500
001 stu270334
005 20150408183059.0
008 130708s--------cs------------------slo-d
040 |a STU  |b slo 
041 0 |a slo 
044 |a cs 
245 |a Ílovité zeminy a ich použitie v stavebníctve 
250 |a 1.vyd. 
260 |a Bratislava :  |b SAV,  |c 1968 
300 |a 277 s 
996 |b 284V035261  |c V*6894/O-674  |l VVS  |s A  |a 24  |w stu270334_0001